[Event "XIII Figueira da Foz Open 2019"]
[Site "Figueira da Foz"]
[Date "2019.10.30"]
[Round "4.12"]
[White "Adams, Philip"]
[Black "Lisowski, Krzysztof"]
[Result "1-0"]
[WhiteElo "1993"]
[BlackElo "2179"]
[Annotator "TA"]
[PlyCount "65"]
[EventDate "2019.10.27"]
[EventType "swiss"]
[EventCountry "POR"]
[SourceTitle "playchess.com"]
[Source "ChessBase"]
[SourceQuality "1"]

{[%evp 14,73,34,28,39,27,32,24,27,25,53,53,54,51,55,29,33,14,38,7,54,55,89,89,93,73,118,104,116,109,190,74,79,76,96,85,96,96,108,90,81,36,168,-162,-42,-33,-20,-23,35,0,686,670,1214,1212,1206,1163,1322,641,29997,29998,29998,29999]} 1. e4 c5 2. Nf3 Nc6 3. Bb5 g6 4. O-O Bg7 5. Re1 e5 6. Bxc6 dxc6 7. d3 Qe7 8. a3 Nh6 {B31: Sicilian: 2...Nc6 3 Bb5 g6} (8... Nf6 9. Nbd2 O-O 10. b4 Be6 11. bxc5 Qxc5 12. a4 Rfe8 13. Ba3 Qa5 14. Qb1 Nd7 15. Bb4 Qd8 16. a5 h5 17. Qb2 Qc7 18. Bc3 {0-1 (32) Blohberger,F (2459)-Korobov,A (2686) Skopje 2019}) 9. b4 O-O 10. bxc5 Qxc5 {White has an edge.} 11. a4 Qe7 $146 ({Predecessor:} 11... Rd8 12. Ba3 Qa5 13. Nbd2 Qc7 14. a5 f6 15. Qb1 Be6 16. Bc5 {0-1 (84) Mevel,A-Eppinger,G Germany 1983}) 12. Ba3 c5 13. Nc3 $36 {[%mdl 2048] White is more active.} Be6 14. Rb1 Rfd8 15. Qc1 f6 16. Rb5 Rac8 17. Qb2 Rc7 18. Rb1 Rdd7 19. a5 f5 20. Na4 {[%cal Ra4c5]} fxe4 21. dxe4 {[%cal Ra4c5]} Qd8 (21... Bc4 $16) 22. Qc1 (22. Nxc5 $18 Rd1+ 23. Ne1) 22... Bc4 23. Rxc5 Be2 24. Rxc7 Qxc7 25. Qb2 {Black must now prevent Nc5.} Qd8 26. Qb3+ Nf7 27. h3 Bh6 {[#]} ({Better is} 27... Rd1+ $1 $14 28. Rxd1 Qxd1+ 29. Kh2 Bxf3 30. Qxf3 Qxc2) 28. c3 $4 {[%mdl 8192] [#]} (28. Ne1 $1 $18 {avoids the disaster.}) 28... Bxf3 ({Black should play} 28... Bd1 $1 $19 {[%cal Rd1b3]} 29. Qc4 Rc7) 29. gxf3 $15 Qg5+ 30. Kf1 $1 {And now Nc5 would win.} Qh4 (30... Qh5 $11 31. Kg2 (31. Qe6 Qxf3 32. Qxd7 Qh1+ 33. Ke2 Qxe4+ 34. Kf1 Qxb1+ 35. Kg2 Qe4+ 36. Kg1 Qe1+ 37. Kg2 Qe4+ 38. Kg1 Qc6 $15) 31... Rd3) 31. Rd1 Bd2 $2 {[%mdl 8192]} (31... Be3 $11 32. fxe3 Qxh3+ {[%mdl 64] Double Attack} 33. Ke1 Qg3+ 34. Ke2 Qh2+ 35. Kf1 Qh3+ 36. Kf2 Qh2+ 37. Kf1 Qh3+) 32. Ke2 $18 Qf4 33. Nc5 {Played: Qb3-e6} 1-0

[Event "XIII Figueira da Foz Open 2019"]
[Site "Figueira da Foz"]
[Date "2019.10.30"]
[Round "4.13"]
[White "Roettgen, Juergen"]
[Black "Heeren, Arnoldo"]
[Result "1-0"]
[WhiteElo "2157"]
[BlackElo "1929"]
[Annotator "TA"]
[PlyCount "39"]
[EventDate "2019.10.27"]
[EventType "swiss"]
[EventCountry "POR"]
[SourceTitle "playchess.com"]
[Source "ChessBase"]
[SourceQuality "1"]

{[%evp 9,43,18,38,26,39,20,49,36,45,54,38,13,28,37,61,73,202,193,197,182,243,252,334,317,304,311,271,303,943,938,4201,4266,3814,3599,29989,1827]} 1. Nf3 d5 2. b3 e6 3. Bb2 Nf6 4. e3 a6 (4... c5 5. c4 Nc6 6. cxd5 exd5 7. Bb5 Bd6 8. O-O O-O 9. h3 Re8 10. d4 cxd4 11. Nxd4 Bc7 12. Nd2 Qd6 13. N2f3 Bd7 14. Be2 a6 15. Nc2 Ne4 16. Bd3 {½-½ (36) Karjakin,S (2748)-So,W (2763) Riga 2019}) 5. c4 c6 6. Qc2 {A06: Réti Opening:1 Nf3 d5} Nbd7 7. Be2 h6 $146 ({Predecessor:} 7... b5 8. O-O Bb7 9. d4 Be7 10. Nbd2 bxc4 11. bxc4 c5 12. cxd5 Bxd5 {½-½ (44) Pecorelli Garcia,H (2451)-Abreu Delgado,A (2455) Santa Clara 2003}) 8. O-O {White is slightly better.} Be7 9. d3 O-O 10. Nbd2 {[%cal Bb1d2,Bd2e4,Be4d6][%mdl 32]} Re8 11. e4 dxe4 12. dxe4 Bf8 (12... e5 $16) 13. e5 $18 Nh7 14. Ne4 Nc5 (14... Be7 {is a better defense.} 15. Rfd1 b6) 15. Rad1 Qc7 16. Nd6 Bxd6 17. exd6 ({Resist} 17. Rxd6 $6 b6 $16) 17... Qd8 18. Ne5 Nd7 $2 {[#]} (18... Nf6 19. Bd4 Ncd7) 19. Nxf7 $1 {[%mdl 512]} Qa5 {[#]} (19... Kxf7 20. Qxh7) 20. Qg6 {Played: Nf7xh6} 1-0

[Event "XIII Figueira da Foz Open 2019"]
[Site "Figueira da Foz"]
[Date "2019.10.30"]
[Round "4.14"]
[White "Fernandes, Miguel A. Murtinho"]
[Black "Morais, Mario Martins Freita"]
[Result "1-0"]
[WhiteElo "2115"]
[BlackElo "1742"]
[Annotator "TA"]
[PlyCount "81"]
[EventDate "2019.10.27"]
[EventType "swiss"]
[EventCountry "POR"]
[SourceTitle "playchess.com"]
[Source "ChessBase"]
[SourceQuality "1"]

{[%evp 15,81,39,46,51,72,68,48,54,121,116,121,124,178,181,235,220,217,214,274,272,311,308,304,263,293,289,349,335,461,454,445,382,377,379,377,382,382,375,376,375,360,374,374,367,373,364,366,356,382,383,393,387,378,377,391,371,433,431,411,411,764,746,832,823,1440,1381,1355,1163]} 1. d4 Nf6 2. c4 d6 3. Nf3 Nbd7 4. Nc3 g6 5. e4 Bg7 6. h3 O-O 7. Bg5 h6 8. Be3 e5 9. d5 {E90: King's Indian: Classical: Early deviations and 6 h3} b6 (9... Nc5 10. Nd2 a5 11. g4 c6 12. a3 a4 13. Be2 Bd7 14. h4 cxd5 15. cxd5 Rc8 16. g5 hxg5 17. hxg5 Nh7 18. Rg1 f5 19. gxf6 Qxf6 {0-1 (40) Howell,D (2616)-Vachier Lagrave,M (2723) Biel 2010}) 10. g4 Nc5 11. Nd2 {White is slightly better.} g5 $146 ({Better is} 11... Bd7 $14) ({Predecessor:} 11... a5 12. a3 Bd7 13. b4 axb4 14. axb4 Rxa1 15. Qxa1 Nb7 16. Bd3 h5 {½-½ (73) Macsik,T (2291)-Ivan,Z (2195) Hungary 2007}) 12. Be2 $16 Nh7 13. Qc2 Nd7 (13... Kh8 $16) 14. O-O-O $18 Qe7 (14... Ndf6 $142 15. Nf3 a5) 15. Nf1 Rd8 16. Ng3 Ndf6 17. Rdg1 Kf8 18. Kb1 Ng8 19. Bc1 f6 20. Nf5 Bxf5 21. gxf5 Ke8 22. Bh5+ Kd7 23. Qa4+ Kc8 24. Qa6+ ({Less strong is} 24. Bg6 Nf8 $18) 24... Kb8 25. Bd1 {[#] Black must now prevent Ba4.} Qd7 26. Ba4 Qc8 27. Qxc8+ Kxc8 28. Bc6 Rb8 29. Nb5 {[%cal Rb5a7] [#]} Rb7 30. Bxb7+ Kxb7 31. Be3 Nf8 32. b4 a6 33. Nc3 Nd7 34. Kc2 Ne7 35. a3 c5 36. dxc6+ Kxc6 37. Kb3 b5 (37... Rf8 $142 38. Rd1 Kc7) 38. cxb5+ {White is clearly winning.} axb5 39. Rc1 d5 40. Nxd5+ Kd6 41. Rhd1 {Accuracy: White = 93%, Black = 26%.} 1-0

[Event "XIII Figueira da Foz Open 2019"]
[Site "Figueira da Foz"]
[Date "2019.10.30"]
[Round "4.15"]
[White "Puglia, Francesco"]
[Black "Goncalves, Lucas Jordao"]
[Result "0-1"]
[WhiteElo "1916"]
[BlackElo "1447"]
[Annotator "NA RC"]
[PlyCount "99"]
[EventDate "2019.10.27"]
[EventType "swiss"]
[EventCountry "POR"]
[SourceTitle "playchess.com"]
[Source "ChessBase"]
[SourceQuality "1"]
[TimeControl "40/5400+30:1800+30"]

1. e4 e5 2. Nf3 Nc6 3. Bc4 Bc5 4. b4 Bxb4 5. c3 Ba5 6. d4 exd4 7. Qb3 {C52: Evans Gambit Accepted: 5 c3 Ba5} Qe7 (7... Qf6 8. O-O d3 9. e5 Qg6 10. Ba3 Nge7 11. Rd1 O-O 12. Bxd3 Qh6 13. Nbd2 d5 14. exd6 cxd6 15. Ne4 d5 16. Bc1 Qg6 {0-1 (59) Short,N (2698)-Kasparov,G (2812) Leuven 2011}) 8. O-O Nf6 9. Ba3 d6 10. cxd4 Nxe4 $146 ({Predecessor:} 10... Bb6 11. Qd3 O-O 12. e5 Ne8 13. Nbd2 a5 14. Rae1 Qd8 {1-0 (37) Stopa,J (2474)-Bartholomew,J (2451) Mesa 2010}) 11. d5 Ne5 12. Nxe5 Qxe5 13. Qa4+ Bd7 14. Qxa5 Qxa1 15. Nd2 Qd4 16. Nxe4 Qxc4 17. Bxd6 O-O-O 18. Bf4 Bf5 19. Nc5 b6 20. Qxa7 Qxc5 21. Rc1 Bc2 22. Qa6+ Kb8 23. d6 cxd6 24. Be3 Qc6 25. Bxb6 Rd7 26. Qa5 Rb7 27. Be3 Rc8 28. Bf4 Be4 29. Re1 Qd5 30. Qa4 g5 31. Bg3 f5 32. f3 Qc6 33. Qa3 f4 34. Bf2 Bd5 35. Qa5 Re8 36. Rd1 Qb5 37. Qa3 Qb4 38. Qa6 Re6 39. Qd3 Qc4 40. Qf5 Rf7 41. Qxg5 Rb7 42. h4 Bxf3 43. Qd8+ Qc8 44. Qxc8+ Kxc8 45. gxf3 Kd7 46. a3 Rb3 47. Ra1 Rxf3 48. a4 Re2 49. Bb6 Rh3 $19 (49... Rg3+ $142 50. Kf1 Rh2) 50. a5 0-1

[Event "XIII Figueira da Foz Open 2019"]
[Site "Figueira da Foz"]
[Date "2019.10.30"]
[Round "4.16"]
[White "Silva, Mariana Sofia T."]
[Black "Dong, Rafael"]
[Result "1-0"]
[WhiteElo "1880"]
[BlackElo "1486"]
[Annotator "NA RC"]
[PlyCount "102"]
[EventDate "2019.10.27"]
[EventType "swiss"]
[EventCountry "POR"]
[SourceTitle "playchess.com"]
[Source "ChessBase"]
[SourceQuality "1"]
[TimeControl "40/5400+30:1800+30"]

1. Nf3 {[%emt 0:12:02]} Nf6 {[%emt 0:00:00]} 2. g3 {[%emt 0:00:09]} d5 {[%emt 0:00:00]} 3. Bg2 {[%emt 0:00:08]} c6 {[%emt 0:00:00]} 4. b3 {[%emt 0:00:23]} Bf5 {[%emt 0:00:07]} 5. Bb2 {[%emt 0:00:09]} e6 {[%emt 0:00:08]} 6. O-O {[%emt 0:00:16]} Be7 {[%emt 0:00:22]} 7. d3 {[%emt 0:00:18]} O-O {[%emt 0:00:24]} 8. Nbd2 {[%emt 0:00:14]} h6 {[%emt 0:00:33]} 9. Qe1 {[%emt 0:00:20]} Qc7 {[%emt 0:07:33] A07: Réti Opening: New York and Capablanca Systems} (9... a5 10. a3 Bh7 11. e4 c5 12. Ne5 Nc6 13. Nxc6 bxc6 14. f4 a4 15. Kh1 Re8 16. Qe2 Qb6 17. Rae1 Nd7 18. g4 Bf8 19. g5 hxg5 20. fxg5 axb3 21. cxb3 {1-0 (33) Li,C (2720)-Mareco,S (2664) chess.com INT 2017}) 10. e4 {[%emt 0:01:45]} Bh7 {[%emt 0:01:20]} 11. Qe2 {[%emt 0:05:54]} c5 $146 {[%emt 0:02:24]} ({Predecessor:} 11... a5 12. a3 b5 13. Kh1 Nfd7 14. Nd4 Re8 15. f4 Na6 16. Rae1 Rab8 17. Qg4 Nf6 18. Qh3 dxe4 19. Nxe4 Bxe4 20. dxe4 {1-0 (30) Fominykh,M (2308)-Solovjova,V (2298) Moscow 2006}) 12. Ne5 {[%emt 0:06:49]} Nc6 {[%emt 0:02:26]} 13. Nxc6 {[%emt 0:03:59]} bxc6 {[%emt 0:00:16]} 14. Rae1 {[%emt 0:05:34]} Rfe8 {[%emt 0:05:15]} 15. Kh1 {[%emt 0:01:35]} a5 {[%emt 0:07:41]} 16. a4 Rad8 {[%emt 0:10:11]} 17. f4 {[%emt 0:04:01]} Kh8 {[%emt 0:10:01]} 18. Bf3 {[%emt 0:05:11]} Kg8 {[%emt 0:10:42]} 19. Qg2 {[%emt 0:00:45]} Nd7 {[%emt 0:03:54]} 20. Bg4 {[%emt 0:08:03]} f5 {[%emt 0:04:05]} 21. exf5 {[%emt 0:01:48]} exf5 {[%emt 0:00:14]} 22. Bh5 {[%emt 0:02:14]} g6 {[%emt 0:00:20]} 23. Bf3 {[%emt 0:02:51]} Bf6 {[%emt 0:00:16]} 24. Bxf6 {[%emt 0:01:56]} Nxf6 {[%emt 0:00:11]} 25. Qf2 {[%emt 0:01:11]} Qd6 {[%emt 0:01:29]} 26. h3 {[%emt 0:02:00]} Kg7 {[%emt 0:01:43]} 27. Bg2 {[%emt 0:00:25]} Nd7 {[%emt 0:01:46]} 28. Nf3 {[%emt 0:00:59]} Bg8 {[%emt 0:05:20]} 29. Qd2 {[%emt 0:03:00]} Qc7 {[%emt 0:01:01]} 30. Rxe8 {[%emt 0:00:50]} Rxe8 {[%emt 0:00:09]} 31. Re1 {[%emt 0:00:18]} Be6 {[%emt 0:00:49]} 32. Re2 {[%emt 0:03:28]} Kf7 {[%emt 0:01:41]} 33. Qe1 {[%emt 0:00:52]} Qb6 {[%emt 0:03:20]} 34. Qc3 {[%emt 0:05:17]} Qb4 {[%emt 0:01:00]} 35. Qxb4 {[%emt 0:00:14]} axb4 {[%emt 0:00:35]} 36. Kg1 {[%emt 0:02:25]} c4 {[%emt 0:01:14]} 37. dxc4 {[%emt 0:03:54]} dxc4 {[%emt 0:00:09]} 38. Nd4 {[%emt 0:00:56]} Bd5 {[%emt 0:01:15]} 39. Rxe8 {[%emt 0:01:58]} Kxe8 {[%emt 0:00:13]} 40. Nxc6 {[%emt 0:00:00]} cxb3 {[%emt 0:00:00]} 41. cxb3 {[%emt 0:05:19]} Bxb3 42. a5 {[%emt 0:00:10]} Bc4 {[%emt 0:03:24]} 43. Nxb4 {[%emt 0:05:00]} Nc5 {[%emt 0:08:12]} 44. Kf2 {[%emt 0:01:42]} Kd7 45. Ke3 {[%emt 0:01:28]} Kd6 {[%emt 0:08:26]} 46. Kd4 {[%emt 0:01:29]} Bb5 {[%emt 0:05:17]} 47. Bd5 {[%emt 0:10:07]} g5 {[%emt 0:02:16]} 48. Nc2 gxf4 49. gxf4 {[%emt 0:00:34]} Nd3 {[%emt 0:00:45]} 50. Na3 {[%emt 0:04:14]} Ba6 {[%emt 0:02:33]} 51. Bc4 {[%emt 0:02:12]} Nb4 $18 {[%emt 0:04:22]} 1-0

[Event "XIII Figueira da Foz Open 2019"]
[Site "Figueira da Foz"]
[Date "2019.10.30"]
[Round "4.17"]
[White "Barrento, Jorge Maria Lopes"]
[Black "Dong, Fabio"]
[Result "1-0"]
[WhiteElo "1739"]
[BlackElo "1410"]
[Annotator "NA RC"]
[PlyCount "49"]
[EventDate "2019.10.27"]
[EventType "swiss"]
[EventCountry "POR"]
[SourceTitle "playchess.com"]
[Source "ChessBase"]
[SourceQuality "1"]
[TimeControl "40/5400+30:1800+30"]

1. d4 {[%emt 0:21:50]} d5 {[%emt 0:00:00]} 2. Nc3 {[%emt 0:00:12]} c6 {[%emt 0:00:16]} 3. Bf4 {[%emt 0:00:16]} Nf6 {[%emt 0:00:16]} 4. e3 {[%emt 0:00:16]} Bf5 {[%emt 0:00:37]} 5. f3 {[%emt 0:02:29]} h5 {[%emt 0:05:32]} 6. Bd3 {[%emt 0:01:08]} Bxd3 {[%emt 0:02:08]} 7. Qxd3 {[%emt 0:01:54]} e6 {[%emt 0:01:31]} 8. Nge2 {[%emt 0:02:46]} Bd6 {[%emt 0:02:04]} 9. Bg5 {[%emt 0:00:44]} Nbd7 {[%emt 0:01:39]} 10. e4 {[%emt 0:00:28]} dxe4 {[%emt 0:01:55]} 11. fxe4 {[%emt 0:00:45]} e5 {[%emt 0:01:08]} 12. O-O-O {[%emt 0:01:18]} exd4 {[%emt 0:06:08]} 13. Nxd4 {[%emt 0:03:33]} Ne5 {[%emt 0:07:22]} 14. Qf1 {[%emt 0:02:08]} Ned7 {[%emt 0:13:42]} 15. Nf5 {[%emt 0:09:27]} Bf8 {[%emt 0:02:05]} 16. e5 {[%emt 0:00:24]} g6 {[%emt 0:05:57]} 17. Bxf6 {[%emt 0:02:50]} Qb6 {[%emt 0:02:36]} 18. Bxh8 {[%emt 0:00:48]} gxf5 {[%emt 0:02:10]} 19. Rxd7 {[%emt 0:03:08]} Kxd7 {[%emt 0:01:29]} 20. Qxf5+ {[%emt 0:00:33]} Ke8 {[%emt 0:01:30]} 21. Re1 {[%emt 0:03:20]} Bh6+ {[%emt 0:05:28]} 22. Kb1 {[%emt 0:03:55]} Bd2 {[%emt 0:05:43]} 23. e6 {[%emt 0:00:17]} Bxe1 {[%emt 0:03:10]} 24. Qxf7+ {[%emt 0:01:29]} Kd8 {[%emt 0:00:34]} 25. Qd7# {[%emt 0:02:01]} 1-0

[Event "XIII Figueira da Foz Open 2019"]
[Site "Figueira da Foz"]
[Date "2019.10.30"]
[Round "4.18"]
[White "Gama, Joao Goncalo Cerejei"]
[Black "Fonseca, Rene Gil Bakker"]
[Result "1-0"]
[WhiteElo "1712"]
[BlackElo "1338"]
[Annotator "NA RC"]
[PlyCount "39"]
[EventDate "2019.10.27"]
[EventType "swiss"]
[EventCountry "POR"]
[SourceTitle "playchess.com"]
[Source "ChessBase"]
[SourceQuality "1"]
[TimeControl "40/5400+30:1800+30"]

1. e4 {[%emt 0:00:00]} e6 {[%emt 0:00:00]} 2. d4 {[%emt 0:00:00]} d5 {[%emt 0:00:00]} 3. Nd2 {[%emt 0:00:00]} Nf6 {[%emt 0:00:00]} 4. e5 {[%emt 0:00:03]} Nfd7 {[%emt 0:00:00]} 5. Bd3 {[%emt 0:00:12]} c5 {[%emt 0:00:06]} 6. c3 {[%emt 0:00:17]} Nc6 {[%emt 0:00:15]} 7. Ne2 {[%emt 0:00:28]} f6 {[%emt 0:00:14]} 8. f4 {[%emt 0:02:54]} cxd4 {[%emt 0:00:17]} 9. cxd4 {[%emt 0:00:18]} fxe5 {[%emt 0:03:39]} 10. fxe5 {[%emt 0:00:12]} Qh4+ {[%emt 0:06:02]} 11. g3 {[%emt 0:01:19]} Qh5 {[%emt 0:08:39]} 12. O-O {[%emt 0:03:47]} Be7 {[%emt 0:05:23]} 13. Nf3 {[%emt 0:12:38]} O-O {[%emt 0:08:18]} 14. Nf4 {[%emt 0:01:22]} Qg4 {[%emt 0:09:04]} 15. Kg2 {[%emt 0:05:12]} Bh4 {[%emt 0:09:27]} 16. Nxh4 {[%emt 0:00:53]} Qxd1 {[%emt 0:00:24]} 17. Rxd1 {[%emt 0:00:03]} Nb6 {[%emt 0:02:35]} 18. Nf3 {[%emt 0:01:18]} Bd7 {[%emt 0:00:57]} 19. Ng5 {[%emt 0:06:29]} Nxd4 {[%emt 0:02:41]} 20. Bxh7+ {[%emt 0:00:16]} 1-0

[Event "XIII Figueira da Foz Open 2019"]
[Site "Figueira da Foz"]
[Date "2019.10.31"]
[Round "5.1"]
[White "Klekowski, Maciej"]
[Black "Grigoryan, Karen H."]
[Result "1-0"]
[WhiteElo "2481"]
[BlackElo "2608"]
[Annotator "TA"]
[PlyCount "71"]
[EventDate "2019.10.27"]
[EventType "swiss"]
[EventCountry "POR"]
[SourceTitle "playchess.com"]
[Source "ChessBase"]
[SourceQuality "1"]

{[%evp 17,71,23,21,16,12,17,37,23,35,29,40,41,31,21,39,9,8,0,0,0,10,0,0,0,4,11,14,8,50,42,47,35,41,45,87,65,63,71,54,98,87,78,120,47,67,74,143,131,191,180,389,496,449,483,29990,29991]} 1. c4 e5 2. g3 Nc6 3. Bg2 g6 4. Nc3 Bg7 5. e3 d6 6. Nge2 f5 7. d3 Nf6 8. O-O O-O 9. Rb1 Be6 10. b4 {A25: English Opening vs King's Indian with ...Nc6 but without early d3} (10. Nd5 Bf7 11. Nec3 Qd7 12. b4 Nxd5 13. Nxd5 Nd8 14. b5 Ne6 15. f4 Rfe8 16. Qc2 Rac8 17. Nc3 c6 18. bxc6 bxc6 19. fxe5 dxe5 {0-1 (56) Guichard,P (2409)-Lagarde,M (2599) Porticcio 2019}) 10... a6 11. Nd5 Qd7 12. Nec3 {White is slightly better.} Rab8 13. a4 Ne7 14. b5 axb5 15. axb5 Bf7 $146 ({Predecessor:} 15... g5 16. f4 gxf4 17. exf4 Ng6 18. fxe5 dxe5 19. Nxf6+ Bxf6 {½-½ (40) Maus,S (2400)-Seul,G (2350) Germany 1990}) 16. e4 (16. Nxf6+ {looks sharper.} Bxf6 17. Qb3 h5 18. h4 Rfd8 19. Rd1) 16... Nfxd5 17. Nxd5 Nxd5 18. cxd5 f4 19. gxf4 exf4 20. Qf3 g5 21. Bh3 Qe7 22. Kh1 h5 23. Rg1 Bg6 24. Be6+ Kh7 25. Qg2 Kh6 26. b6 {And now bxc7 would win.} c5 $1 {[#]} 27. h4 $1 {[%cal Rh4g5][%mdl 512]} g4 {[#]} (27... gxh4 28. Qxg6#) 28. Bxg4 $1 {[%mdl 512]} hxg4 29. Qxg4 {[%csl Gg1][%cal Rg4g6][%mdl 64] Double Attack} Rf6 30. h5 $40 {[%mdl 128] White has some attack.} (30. Bxf4+ $16 Kh7 31. Bg5) 30... Be8 {Threatening ...Qf7.} 31. Bxf4+ Kh7 (31... Rxf4 $142 32. Qxf4+ Kh7) 32. Bg5 $16 Qf7 (32... Qd7 $16) 33. Bxf6 $18 Qxf6 $2 (33... Bxf6 {is a better defense.} 34. Rg3 Bd7) 34. Rg3 Qf7 35. Rbg1 {[%cal Rg4g7]} Bf8 {[#]} (35... Bh6 $18 36. e5 Qxh5+ 37. Rh3 Qxg4 38. Rxg4 Bg6) 36. Rf3 $1 {Accuracy: White = 68%, Black = 33%.} 1-0

[Event "XIII Figueira da Foz Open 2019"]
[Site "Figueira da Foz"]
[Date "2019.10.31"]
[Round "5.2"]
[White "Maiorov, Nikita"]
[Black "Romanishin, Oleg M"]
[Result "1-0"]
[WhiteElo "2517"]
[BlackElo "2441"]
[Annotator "TA"]
[PlyCount "85"]
[EventDate "2019.10.27"]
[EventType "swiss"]
[EventCountry "POR"]
[SourceTitle "playchess.com"]
[Source "ChessBase"]
[SourceQuality "1"]

{[%evp 12,85,30,39,57,42,41,24,27,0,22,22,26,21,43,46,38,43,46,39,73,66,94,96,84,75,89,0,11,20,23,24,30,6,40,24,105,108,99,111,100,118,100,103,110,112,234,152,152,148,149,141,147,138,162,162,164,134,159,118,222,222,224,230,367,367,367,367,518,352,652,637,629,612,612,604]} 1. d4 d5 2. c4 dxc4 3. Nf3 Nf6 4. e3 Bg4 5. Bxc4 e6 6. O-O Nbd7 7. Nc3 Bb4 {D25: Queen's Gambit Accepted: 4 e3: sidelines and 4...Bg4} 8. h3 Bh5 9. Bd2 (9. Be2 O-O 10. Bd2 c5 {½-½ (10) Atalik,S (2544)-Nikolic,P (2622) Kragujevac 2016}) 9... O-O {White has an edge.} 10. a3 Bxc3 11. Bxc3 Ne4 12. Bb4 $36 {[%mdl 2048] White has the initiative.} c5 $146 ({Predecessor:} 12... Re8 13. Be2 a5 14. Be1 c5 15. dxc5 Ndxc5 16. g4 {0-1 (60) Obsivac,J (2290)-Malinovsky,K (2472) Pardubice 2018}) 13. dxc5 a5 14. c6 axb4 15. cxd7 {Qd4 is the strong threat.} Bxf3 16. gxf3 (16. Qxf3 Nd2 $17) 16... Qg5+ 17. Kh2 $1 Qe5+ 18. f4 $1 {[%cal Rf4e5]} Qxb2 {Strongly threatening ...Nd2.} 19. axb4 (19. Ra2 $16 Qf6 20. axb4 Rxa2 21. Bxa2) 19... Rxa1 (19... Nd2 {looks sharper.} 20. Rxa8 Rxa8 21. Rh1 Rd8 22. Be2 Ne4) 20. Qxa1 Qxa1 21. Rxa1 $16 {[%mdl 4096] Endgame Hoping for Rc1. KRB-KRN} Rd8 $1 22. Bd3 Nd6 23. e4 Kf8 (23... g6 $11 {remains equal.}) 24. e5 Nf5 25. Ra7 ({Much worse is} 25. Bxf5 $6 exf5 26. Kg3 Rxd7 $11) 25... Rxd7 26. Bb5 $1 {[%cal Rb5d7]} Rd8 27. Rxb7 Nd4 28. Bf1 Rc8 (28... Nf3+ $16 {might work better.} 29. Kg3 Nd4) 29. Rd7 Nf5 {[#]} 30. b5 $1 {[%cal Rb5b6] And now b6 would win.} Rb8 31. Kg2 g6 32. Kf3 Ke8 33. Rd1 Ne7 34. Rb1 Nd5 35. Bd3 Nb6 {[#]} (35... Kd8 $16) 36. Be4 $1 $18 Rd8 37. Ra1 Rd4 (37... Nc4 $142 38. Bc6+ Ke7 39. Ra7+ Kf8) 38. Bc6+ Kf8 39. Ra6 Nd5 (39... Na4 $142 40. b6 Nc5) 40. b6 {[%cal Bb5b6,Bb6b7][%mdl 32]} Rxf4+ $2 (40... Nxb6 41. Rxb6 Rd2 42. Rb8+ Kg7) 41. Kg3 {White is clearly winning.} Rb4 42. Ra8+ Kg7 43. b7 {Accuracy: White = 65%, Black = 38%.} 1-0

[Event "XIII Figueira da Foz Open 2019"]
[Site "Figueira da Foz"]
[Date "2019.10.31"]
[Round "5.3"]
[White "Clarke, Brandon G I"]
[Black "Spraggett, Kevin"]
[Result "1-0"]
[WhiteElo "2445"]
[BlackElo "2513"]
[Annotator "TA"]
[PlyCount "71"]
[EventDate "2019.10.27"]
[EventType "swiss"]
[EventCountry "POR"]
[SourceTitle "playchess.com"]
[Source "ChessBase"]
[SourceQuality "1"]

{[%evp 10,76,24,19,35,31,31,25,2,5,41,0,0,-17,-25,-31,0,0,0,0,0,0,0,-10,42,52,48,45,38,46,53,44,51,17,26,7,37,0,24,9,16,14,8,6,15,0,31,0,11,17,145,145,144,139,139,132,139,135,168,170,227,-463,1434,424,1309,1300,1062,431,29995]} 1. e4 c6 2. d4 d5 3. e5 Bf5 4. Nf3 e6 5. Be2 Ne7 6. O-O Ng6 {B12: Caro-Kann: Advance Variation} (6... Bg6 7. Nbd2 Nf5 8. a4 Nd7 9. a5 h5 10. c3 Be7 11. Ne1 c5 12. Ndf3 a6 13. Nd3 h4 14. b4 cxd4 15. cxd4 {1-0 (41) Harikrishna,P (2725)-Tomashevsky,E (2705) St Petersburg 2018}) 7. Be3 Nd7 {[%cal Bb8d7,Bd7f6,Bf6e4][%mdl 32]} 8. Nbd2 f6 {White has an edge.} 9. exf6 Nxf6 10. h3 $146 ({Predecessor:} 10. c4 Bd6 11. c5 Bc7 12. b4 O-O 13. a4 e5 14. dxe5 Nxe5 {1-0 (41) Dror,L (1677)-Hung,D (1400) London 2017}) 10... Bd6 11. g4 {Ne5 is the strong threat.} Be4 12. Ng5 h6 13. Ngxe4 Nxe4 14. Bd3 $36 {[%mdl 2048] White has some pressure.} Qh4 15. Qf3 Rf8 16. Qg2 Nf4 (16... Ng5 $1 $11 17. Bxg6+ Kd7) 17. Bxf4 $1 $14 Bxf4 18. Nxe4 dxe4 19. Bxe4 O-O-O 20. Rad1 Bc7 21. b4 h5 22. gxh5 Qxh5 (22... Rf4 $5 {[%cal Rf4e4]} 23. Rfe1 Qxh5 $11) 23. Rd3 Rf4 24. a4 Qh4 25. Re1 Rdf8 {[%cal Rf4f2]} 26. Re2 Qh5 27. Rde3 e5 28. c3 exd4 29. cxd4 {next Bxc6! is good for White.} Bb6 {[#]} (29... Qh6 $11) 30. Bxc6 $1 $16 {[%mdl 512]} Rxd4 {And now ...Rd1+ would win.} (30... bxc6 31. Qxc6+) 31. Bxb7+ Kb8 {White must now prevent ...Rd1+.} 32. Ba6 {[%csl Ga6][%cal Rg2b7]} (32. Qxg7 Rf7 $15) 32... Rd1+ {[#]} 33. Re1 $1 (33. Kh2 Bc7+ 34. Rg3 (34. f4 Bxf4+ {[%mdl 64] Double Attack} 35. Rg3 Qf7 $17) 34... Qd5 $11) 33... Rxe1+ 34. Rxe1 {[%csl Ga6][%cal Rg2b7]} Bxf2+ (34... Qf7 $142 35. Kh1 Qc7) 35. Kh1 $4 {[%mdl 8192]} (35. Kh2 $18 {[%csl Ga6][%cal Rg2b7]} Qf7 36. Rf1) 35... Qf7 $4 {[%mdl 8192] [#]} (35... Rf3 $19 36. Bc8 {[%mdl 64] Decoy} Kxc8 37. Qg4+ Qxg4 38. Rc1+ {[#]} Kd7 $1 {[%mdl 512]} 39. hxg4 Bd4) 36. Rc1 {Played: Re1-f1} 1-0